LEADER 03699nam2 2200517 i 450 001 BVEE052320 005 20170908093227.0 012 $ar.us 8.n- odx- Sami (3) 1670 (R)$2fei$9Vol. 2 100 $a20130705d1670 ||||0itac50 ba 101 | $alat 102 $abe 181 1$6z01$ai $bxxxe 182 1$6z01$an 200 1 $a˜\2!: œCommentarius in Euangelium S. Lucae et S. Ioannis, auctore. R.P. Cornelio Cornelii a Lapide, e Societate Iesu, ... 210 $aAntuerpiae$capud Iacobum Meursium$d1670 215 $a\4!, 557, \55! p.$cill 300 $aCon il testo dei vangeli di Luca e Giovanni 300 $aSegn.: Π² A-3E⁶ 300 $aEmblema dei Gesuiti sul front 300 $a Var B.: data sul front: 1660 316 $av. 2.$5IT-SA0113, SALA A 10.1 2 316 $av. 2; a c. 3E6r: timbro (Nola-S. Eframo 1973)$5IT-NA0074, SM 6F 00047 316 $av. 2; legato con il v. 1$5IT-NA0074, SM 6F 00047 316 $av. 2 (Legato con il v. 1. - Legatura Farnese)$5IT-NA0079, V.F. 2 F 18 317 $aPossessore: Farnese . Legatura$5IT-NA0079 V.F. 2 F 18/(0002 461 1$1001BVEE052316$12001 $aCommentarius in quatuor Euangelia, auctore R.P. Cornelio Cornelii a Lapide, e Societate Iesu, ...$v2 500 10$aBibbia. Nuovo Testamento. Vangelo secondo Giovanni.$3CFI0078790$91481997 500 10$aBibbia. Nuovo Testamento. Vangelo secondo Luca$3RCA0759059$91481998 517 1 $aCommentarius in Evangelium S. Lucae et S. Ioannis, auctore R.P. Cornelio Cornelii a Lapide, e Societate Iesu, ...$9BVEE052322 620 $aBE$dAnversa$3UBOL000154 700 0$aCornelius : a Lapide$3CUBV047179$4070$0744177 702 0$aFarnese$c $3NAPP000033$4390$5IT-NA0079 V.F. 2 F 18/(0002 790 1$aSteen$b, Cornelis Cornelissen : van den$3SBNV007246$zCornelius : a Lapide 790 1$aLapide$b, Cornelius : a$3SBNV007247$zCornelius : a Lapide 801 3$aIT$bIT-NA0079$c20130705 850 $aIT-SA0113$aIT-NA0074$aIT-NA0079 899 1$aBiblioteca Nazionale Vittorio Emanuele III$bNA0079$41 esemplare$eS$uhttp://books.google.com/books?vid=IBNN:BN000618531 912 $aBVEE052320 950 2$aBiblioteca S. Bonaventura da Bagnoregio$bv. 1-2$cv. 2.$d 15SALA A 10.1 2$e 15 0000034485 B v. 2.$fZ $h20170201$i20170201 950 2$aBiblioteca Provinciale Laurenziana$b2 esemplari (v. 1-2 di cui uno con il v. 1 uno mutilo di frontespizio)$cv. 1-2$d 91SM 6F 00047$e 91ANT0000018605 B (0002 v. 2; a c. 3E6r: timbro (Nola-S. Eframo 1973)$fZ $h20150309$i20150309$la c. 3E6r: timbro (Nola-S. Eframo 1973)$mTimbri conventuali e di ordini religiosi$b2 esemplari (v. 1-2 di cui uno con il v. 1 uno mutilo di frontespizio)$cv. 1-2$d 91SM 6F 00047$e 91ANT0000018635 B (0002bis v. 2; legato con il v. 1$fZ $h20150309$i20150309 950 2$aBiblioteca Nazionale Vittorio Emanuele III$bv. 1-2$cv. 1-2 (in 1 v.)$d BNV.F. 2 F 18$e BN 0006185315G B (0002 v. 2 (Legato con il v. 1. - Legatura Farnese)$fC $h20130705$i20130705$lLegato con il v. 1. - Legatura Farnese$mCaratteristiche materiali 956 $aBiblioteca Nazionale Vittorio Emanuele III$b1$c $d $eBN 000618531$uhttp://books.google.com/books?vid=IBNN:BN000618531$z BNV.F. 2 F 18 977 $a 15$a 91$a BN 996 $aBibbia. Nuovo Testamento. Vangelo secondo Giovanni$91481997 996 $aBibbia. Nuovo Testamento. Vangelo secondo Luca$91481998 997 $aUNISANNIO LEADER 06200nam 22007455 450 001 9910746085103321 005 20230913110941.0 010 $a9783031288012 010 $a3031288017 024 7 $a10.1007/978-3-031-28801-2 035 $a(MiAaPQ)EBC30742309 035 $a(Au-PeEL)EBL30742309 035 $a(OCoLC)1397570743 035 $a(DE-He213)978-3-031-28801-2 035 $a(CKB)28222993400041 035 $a(EXLCZ)9928222993400041 100 $a20230913d2023 u| 0 101 0 $aeng 135 $aurcnu|||||||| 181 $ctxt$2rdacontent 182 $cc$2rdamedia 183 $acr$2rdacarrier 200 10$aEnhancing Professionality Through Reflectivity in Social and Health Care /$fedited by Walter Lorenz, Zuzana Havrdov 205 $a1st ed. 2023. 210 1$aCham :$cSpringer International Publishing :$cImprint: Springer,$d2023. 215 $a1 online resource (246 pages) 311 08$aPrint version: Lorenz, Walter Enhancing Professionality Through Reflectivity in Social and Health Care Cham : Springer International Publishing AG,c2023 9783031288005 327 $a1. Introduction: Reflectivity in philosophical, sociological, psychological and pedagogical contexts -- 2. The significance of reflectivity in professional social and health care in relation to changing socio-political contexts -- 3. Promoting reflective learning styles among social work and nursing students ? a review -- 4. Supervision at the workplace as a unique space for reflection -- 5. Gender aspects of reflectivity in the social and healthcare field: forms of feminization of the caring profession as frames for reflexivity -- 6. Reflective approaches to professionalisation through legislation, structures and cultures: Example from Czech social and health services -- 7. Researching reflectivity by scales -- 8. The interaction between institutional cultures and individual dispositions to self-reflection ? a hierarchical analysis -- 9. Levels of reflectivity ? conditions and strategies for supporting reflectivity in health and social care services: Qualitative research -- 10. Towards an integrated approach to fostering reflectivity in social and health professions. . 330 $aThis book discusses complex motivational conditions and strategies on macro, meso, and micro levels promoting reflectivity in interpersonal professional practice. The increasing demands made on practitioners in social and health services, as illustrated by the COVID-19 pandemic, can lead to great uncertainty over how to find "the right response" to complex expressions of need and how to account for ethical professional decisions in view of prevailing strategies of 'risk reduction' and managerial accounting. Reflectivity has been recognised as being of central importance for guiding practitioners towards situationally differentiated and accountable practice. However, it is a complex process made up not only of different psychological components and their interplay with educational and organisational contexts, but also of multilevel interactions and purely situational conditions that can have positive or negative effects. The individual and team reflectivity can be learned and supported through various educational and managerial opportunities, sensitively guided personal and professional experiences and specific patterns of interaction which are reviewed in the book. Reflective supervision in the workplace plays a pivotal role in enabling individual and team reflective processes. However, there are also social and organisational factors that can hinder the development of individual and team reflectivity. The particular value of this publication is that the authors focus on complex research findings from several consecutive studies and critically review and discuss the conditions for reflectivity from various perspectives and with the background of rich academic literature and research. Their research-derived empirical and analytical insights were submitted to managers and educators, and effective and realistic strategies and methods to enhance different levels of reflectivity in students and practitioners were discussed and are summarised in this volume. Among the topics covered: The significance of reflectivity in professional social and health care in relation to changing socio-political contexts Gender aspects of reflectivity in the social and healthcare field Operationalisation of reflectivity for research by personal, team and organisational scales Cultural and communicational patterns of interaction enabling professional reflective processes Enhancing Professionality Through Reflectivity in Social and Health Care is pertinent reading for professors of professional academic training programmes for social workers, nurses, supervisors, trainers in non-formal learning settings, students, and managers of social and health services with an interest in enhancing organisational cultures. 606 $aSocial work education 606 $aSocial service 606 $aMedical care 606 $aNursing 606 $aSocial service$xResearch 606 $aProfessional education 606 $aVocational education 606 $aSocial Work Education 606 $aSocial Care 606 $aHealth Care 606 $aNursing 606 $aSocial Work Research 606 $aProfessional and Vocational Education 615 0$aSocial work education. 615 0$aSocial service. 615 0$aMedical care. 615 0$aNursing. 615 0$aSocial service$xResearch. 615 0$aProfessional education. 615 0$aVocational education. 615 14$aSocial Work Education. 615 24$aSocial Care. 615 24$aHealth Care. 615 24$aNursing. 615 24$aSocial Work Research. 615 24$aProfessional and Vocational Education. 676 $a361.3071 700 $aLorenz$b Walter$01427974 701 $aHavrdov$b Zuzana$01427975 801 0$bMiAaPQ 801 1$bMiAaPQ 801 2$bMiAaPQ 906 $aBOOK 912 $a9910746085103321 996 $aEnhancing Professionality Through Reflectivity in Social and Health Care$93563085 997 $aUNINA